Oxyeleotris marmorata culture by using three kinds of feed (fresh fish fresh fish with snail and fresh fish with prawn), ការចិញ្ចឹមត្រីដំរីក្នុងបែទឹកនិងដោយប្រើចំណី៣ប្រភេទត្រីស្រស់ត្រីស្រស់លាយខ្យង និងត្រីស្រស់លាយកំបិស (Record no. 4231)

000 -LEADER
fixed length control field 00770nam a22001577a 4500
003 - CONTROL NUMBER IDENTIFIER
control field OSt
005 - DATE AND TIME OF LATEST TRANSACTION
control field 20151208152215.0
008 - FIXED-LENGTH DATA ELEMENTS--GENERAL INFORMATION
fixed length control field 151208b xxu||||| |||| 00| 0 eng d
040 ## - CATALOGING SOURCE
Transcribing agency RUA
082 ## - DEWEY DECIMAL CLASSIFICATION NUMBER
Classification number FIS NOR 2003 B187 Or.1
100 ## - MAIN ENTRY--PERSONAL NAME
9 (RLIN) 4539
Personal name NORNG, SARY.
245 ## - TITLE STATEMENT
Title Oxyeleotris marmorata culture by using three kinds of feed (fresh fish fresh fish with snail and fresh fish with prawn), ការចិញ្ចឹមត្រីដំរីក្នុងបែទឹកនិងដោយប្រើចំណី៣ប្រភេទត្រីស្រស់ត្រីស្រស់លាយខ្យង និងត្រីស្រស់លាយកំបិស
260 ## - PUBLICATION, DISTRIBUTION, ETC. (IMPRINT)
Place of publication, distribution, etc. Phnom Penh
Name of publisher, distributor, etc. Phnom Penh
Date of publication, distribution, etc. 2003
300 ## - PHYSICAL DESCRIPTION
Extent 30p.
Other physical details ill.
Dimensions 29cm.
942 ## - ADDED ENTRY ELEMENTS (KOHA)
Source of classification or shelving scheme
Koha item type FIS
Holdings
Price effective from Date last seen Permanent Location Not for loan Date acquired Source of classification or shelving scheme Koha item type Barcode Lost status Damaged status Shelving location Withdrawn status Current Location Full call number
2015-12-082015-12-08Library Block B 2015-12-08 FISRUA036686  B187 Library Block BFIS NOR 2003 B187 Or.1
2015-12-082015-12-08Library Block B 2015-12-08 FISRUA037760  B187 Library Block BFIS NOR 2003 B187 Or.2
មជ្ឈមណ្ឌលឯការនៃសាកលវិទ្យាល័យភូមិន្ទកសិកម្មចំការដូង

Powered by Koha